Normal view MARC view

Entry Personal Name

Number of records used in: 1

001 - CONTROL NUMBER

  • control field: 238706

003 - CONTROL NUMBER IDENTIFIER

  • control field: OSt

005 - DATE AND TIME OF LATEST TRANSACTION

  • control field: 20250915163939.0

008 - FIXED-LENGTH DATA ELEMENTS

  • fixed length control field: 250915|| aca||aabn | a|a d

040 ## - CATALOGING SOURCE

  • Original cataloging agency: OSt
  • Transcribing agency: OSt

100 ## - HEADING--PERSONAL NAME

  • Personal name: P V Narayana

670 ## - SOURCE DATA FOUND

  • Source citation: Work cat.: (OSt)240446: P V Narayana, M V Seetharamaaiah, 2016